[Event "Ì17Ï"]
[Site "Loo"]
[Date "2017.04.28"]
[Round "9.2"]
[White "Øåìÿêèí, Âàëåðèé."]
[Black "ßøìåòîâ, Íèêîëàé."]
[Result "1/2-1/2"]
[WhiteElo "2039"]
[BlackElo "2152"]
[PlyCount "143"]
[EventDate "2017.04.20"]

1. d4 Nf6 2. Bg5 c5 3. d5 Ne4 4. h4 Qb6 5. Nd2 Nxd2 6. Bxd2 e5 7. Bc3 d6 8. e4
Bd7 9. Nf3 Be7 10. a4 O-O 11. Nd2 Qd8 12. Bd3 f5 13. exf5 Bxf5 14. Bxf5 Rxf5
15. Qg4 Qd7 16. g3 Rf7 17. Qe2 Na6 18. Nc4 Raf8 19. Ne3 Nc7 20. Rf1 b5 21. axb5
Nxb5 22. Qg4 Qb7 23. Qa4 Bd8 24. Qa6 Qb8 25. Ke2 h6 26. f3 Bc7 27. Qc6 Bd8 28.
Qa6 Rb7 29. Nc4 Kh8 30. Kf2 Be7 31. Ne3 Rb6 32. Qa4 Qe8 33. Kg2 Rb7 34. Qe4 Bd8
35. Rf2 Bb6 36. Nc4 Re7 37. Re1 Bd8 38. Ne3 Nd4 39. Nc4 Rf6 40. Qd3 Nf5 41. Re4
Rg6 42. Rg4 e4 43. fxe4 Rxg4 44. exf5 Rd7 45. f6 Bxf6 46. Bxf6 gxf6 47. Rxf6
Rdg7 48. Rf3 Qe7 49. Ne3 Rd4 50. Qf1 Qe4 51. Kh3 Kh7 52. Qf2 Rb4 53. Nf5 Rf7
54. b3 Qg4+ 55. Kg2 Re4 56. Nxh6 Rxf3 57. Nxg4 Rxf2+ 58. Nxf2 Re2 59. Kf3 Rxc2
60. Ne4 Kg6 61. g4 a5 62. h5+ Kh7 63. Nxd6 Rc3+ 64. Ke4 Rxb3 65. Nc4 Rb4 66.
Kd3 a4 67. d6 Rb7 68. Ke4 Rg7 69. Kd5 Rxg4 70. Kxc5 Rg5+ 71. Kb4 Rxh5 72. Kxa4
1/2-1/2

[Event "Ì17Ï"]
[Site "Loo"]
[Date "2017.04.28"]
[Round "9.3"]
[White "Çàõàðîâ, Íèêèòà."]
[Black "Íåçíàíîâ, Àëåêñàíäð."]
[Result "0-1"]
[WhiteElo "1980"]
[BlackElo "2050"]
[PlyCount "82"]
[EventDate "2017.04.20"]

1. d4 d5 2. Bg5 h6 3. Bh4 c6 4. e3 Qb6 5. Qc1 e5 6. Nf3 e4 7. Nfd2 Ne7 8. c4
Nf5 9. Bg3 Nxg3 10. hxg3 Be6 11. Nc3 Be7 12. Be2 O-O 13. a3 Nd7 14. cxd5 cxd5
15. Bb5 Nf6 16. Ba4 Rac8 17. Qb1 Qa6 18. Bd1 b6 19. Be2 Qb7 20. Qd1 a6 21. Qb3
b5 22. O-O Nd7 23. Rfc1 Nb6 24. Qd1 Nc4 25. b4 Rc7 26. Bxc4 bxc4 27. Rab1 a5
28. Rc2 axb4 29. axb4 Ra8 30. Rcb2 Ra3 31. Qc2 Rc8 32. Nf1 Rca8 33. b5 Qb6 34.
g4 Qa5 35. Ne2 c3 36. Rb3 Ra2 37. Qxc3 Rxe2 38. Qxa5 Rxa5 39. b6 Ra8 40. b7 Rb8
41. Rb6 Ra2 0-1

[Event "Ì17Ï"]
[Site "Loo"]
[Date "2017.04.28"]
[Round "9.4"]
[White "Äóáèíèí, Àëåêñàíäð."]
[Black "Îâñÿíþê, Äìèòðèé."]
[Result "1-0"]
[WhiteElo "2165"]
[BlackElo "2095"]
[PlyCount "51"]
[EventDate "2017.04.20"]

1. e4 e5 2. Nf3 Nc6 3. Nc3 Nf6 4. Bb5 Bb4 5. O-O O-O 6. d3 Bxc3 7. bxc3 d6 8.
Bg5 Bd7 9. Rb1 b6 10. Re1 Re8 11. Qd2 a6 12. Ba4 b5 13. Bb3 Na5 14. h3 c5 15.
Bd5 Bc6 16. Re2 Bxd5 17. exd5 c4 18. Rbe1 cxd3 19. cxd3 Rc8 20. Nd4 Qd7 21.
Bxf6 gxf6 22. Re4 exd4 23. Rg4+ Kh8 24. Rxe8+ Qxe8 25. Qh6 Qe1+ 26. Kh2 1-0

[Event "Ì17Ï"]
[Site "Loo"]
[Date "2017.04.28"]
[Round "9.5"]
[White "Äàâèäåíêî, Äìèòðèé."]
[Black "Ïåòðåíêî, Êèðèëë."]
[Result "0-1"]
[WhiteElo "1839"]
[BlackElo "1999"]
[PlyCount "67"]
[EventDate "2017.04.20"]

1. d4 e6 2. Nf3 Nf6 3. e3 c5 4. Bd3 Nc6 5. O-O b6 6. Nbd2 Bb7 7. b3 Rc8 8. a3
Be7 9. Bb2 cxd4 10. exd4 d5 11. Ne5 O-O 12. f4 Ne4 13. Nxe4 Nxe5 14. Nf6+ Bxf6
15. fxe5 Bg5 16. Qe2 h6 17. Rf3 f5 18. exf6 Rxf6 19. Raf1 Qe7 20. Rxf6 Bxf6 21.
Qg4 Qf7 22. Bg6 Qe7 23. Re1 Rc6 24. Bd3 Qf7 25. c4 Bc8 26. Bg6 Qf8 27. cxd5
exd5 28. Qh5 Be6 29. Be8 Rc8 30. Bg6 Bf7 31. Bxf7+ Qxf7 32. Qxf7+ Kxf7 33. Kf2
Rc2+ 34. Re2 0-1

[Event "Ì17Ï"]
[Site "Loo"]
[Date "2017.04.28"]
[Round "9.6"]
[White "Íóðèñòàíè, Èìàí."]
[Black "Àïïàíîâ, Àðòåì."]
[Result "1-0"]
[WhiteElo "1998"]
[BlackElo "1992"]
[PlyCount "95"]
[EventDate "2017.04.20"]

1. d4 d5 2. c4 c6 3. e3 Nf6 4. Nc3 e6 5. Qc2 Nbd7 6. Nf3 Bd6 7. Be2 O-O 8. O-O
e5 9. cxd5 cxd5 10. dxe5 Nxe5 11. Rd1 Be6 12. e4 Qc7 13. exd5 Nxd5 14. Ng5 Ng6
15. h4 Nxc3 16. bxc3 Bh2+ 17. Kh1 Bf4 18. h5 Bxg5 19. Bxg5 Nf4 20. Bf3 h6 21.
Bh4 Qc5 22. Bg3 Nd5 23. Rac1 Rfd8 24. Re1 Rac8 25. Re5 Qa3 26. Rd1 Rxc3 27. Qe2
Rc5 28. Rxe6 fxe6 29. Qxe6+ Kh8 30. Rxd5 Qc1+ 31. Kh2 Rcxd5 32. Bxd5 Qg5 33.
Bf3 b6 34. Kh3 Rf8 35. Bg4 Qf6 36. Qe3 Qf7 37. a3 Qf6 38. Be5 Qc6 39. f4 Qc5
40. Bd4 Qd5 41. Be5 Qf7 42. f5 Kh7 43. Qe4 Kh8 44. Qf4 Kh7 45. Kh2 Kg8 46. Be2
Rc8 47. f6 gxf6 48. Qg4+ 1-0

[Event "Ì17Ï"]
[Site "Loo"]
[Date "2017.04.28"]
[Round "9.7"]
[White "Ëåâåíøòåéí, Ìàðê."]
[Black "Ìîèñååâ, Äàíèëà."]
[Result "0-1"]
[WhiteElo "2161"]
[BlackElo "2037"]
[PlyCount "28"]
[EventDate "2017.04.20"]

1. b3 Nf6 2. Bb2 g6 3. Nf3 Bg7 4. e3 c5 5. Be2 b6 6. O-O Bb7 7. d4 O-O 8. c4
cxd4 9. Nxd4 Nc6 10. Bf3 Qc8 11. Nc3 Nxd4 12. exd4 d5 13. cxd5 Rd8 14. Re1 Qd7
{äàëåå çàïèñü íåðàçáîð~~èâà} 0-1

[Event "Ì17Ï"]
[Site "Loo"]
[Date "2017.04.28"]
[Round "9.8"]
[White "Êûøòûìîâ, Äàíèèë."]
[Black "Áóðõàíîâ, Âàñèëèé."]
[Result "1-0"]
[WhiteElo "2082"]
[BlackElo "2026"]
[PlyCount "65"]
[EventDate "2017.04.20"]

1. e4 e6 2. d4 d5 3. Nd2 dxe4 4. Nxe4 Nd7 5. Nf3 Ngf6 6. Nxf6+ Nxf6 7. Bd3 c5
8. dxc5 Bxc5 9. Bg5 O-O 10. O-O h6 11. Bh4 Bd7 12. Ne5 Bc6 13. Nxc6 bxc6 14.
Qe2 Qd4 15. Bxf6 Qxf6 16. Qe4 g6 17. c3 e5 18. b4 Bb6 19. Ba6 Rad8 20. c4 Rd4
21. Qe2 Rfd8 22. c5 Bc7 23. a3 Rd2 24. Qf3 Qe6 25. Qh3 f5 26. Qxh6 e4 27. Rac1
R8d4 28. Bc4 Rxc4 29. Qxd2 Qe5 30. Qh6 Rxc1 31. Qxg6+ Kf8 32. Qh6+ Kf7 33. Rxc1
1-0

[Event "Ì17Ï"]
[Site "Loo"]
[Date "2017.04.28"]
[Round "9.9"]
[White "Çàâüÿëîâ, Íèêèòà."]
[Black "Ðîâíîâ, Âëàäèñëàâ."]
[Result "1-0"]
[WhiteElo "1908"]
[BlackElo "2039"]
[PlyCount "73"]
[EventDate "2017.04.20"]

1. e4 c5 2. Nf3 d6 3. d4 cxd4 4. Nxd4 Nf6 5. Nc3 a6 6. Be2 e5 7. Nf3 Be7 8. Bg5
Nbd7 9. a4 Qc7 10. Nd2 h6 11. Be3 Nc5 12. Bc4 Be6 13. b3 Bxc4 14. bxc4 Qc6 15.
Qf3 Bd8 16. Nd5 Nfd7 17. O-O Ne6 18. a5 b6 19. axb6 Bxb6 20. Rfb1 Bd4 21. c3
Bxe3 22. Qxe3 Qc5 23. Qxc5 Ndxc5 24. Rb6 Kd7 25. Rab1 a5 26. R6b5 Ra6 27. Ra1
a4 28. Ra3 Kc6 29. Nb4+ Kc7 30. Nxa6+ Nxa6 31. Rxa4 Nec5 32. Ra1 Rb8 33. Kf1
Kc6 34. Rab1 Rb7 35. Ke2 Nc7 36. Rxb7 Nxb7 37. Nb3 1-0

[Event "Ì17Ï"]
[Site "Loo"]
[Date "2017.04.28"]
[Round "9.10"]
[White "ßíãóòîâ, Àëåêñåé."]
[Black "Òðåòüÿêîâ, Ñòåïàí."]
[Result "1-0"]
[WhiteElo "1883"]
[BlackElo "1995"]
[PlyCount "69"]
[EventDate "2017.04.20"]

1. d4 Nf6 2. c4 g6 3. Nc3 Bg7 4. e4 d6 5. Nf3 O-O 6. Be2 e5 7. d5 Nbd7 8. O-O
Nc5 9. Qc2 a5 10. Bg5 h6 11. Be3 Ng4 12. Bxc5 dxc5 13. h3 Nf6 14. Nxe5 Nxd5 15.
cxd5 Bxe5 16. f4 Bd4+ 17. Kh2 Qh4 18. Bd3 Bd7 19. Ne2 Be3 20. Rf3 Bd4 21. Nxd4
cxd4 22. Qxc7 Bg4 23. Rg3 Rab8 24. Qe5 Bh5 25. Rf1 Rfd8 26. Qxd4 Qe7 27. Re3 g5
28. e5 Qb4 29. Qxb4 axb4 30. Bc4 Rbc8 31. Bb3 gxf4 32. Rxf4 Re8 33. d6 Red8 34.
Rf6 Bg6 35. Rxg6+ 1-0

[Event "Ì17Ï"]
[Site "Loo"]
[Date "2017.04.28"]
[Round "9.11"]
[White "Æàôÿðîâ, Àäåëü."]
[Black "Ïåòðîâñêèé, Àíäðåé."]
[Result "1/2-1/2"]
[WhiteElo "2111"]
[BlackElo "1780"]
[PlyCount "60"]
[EventDate "2017.04.20"]

1. d4 d5 2. c4 e6 3. Nc3 c6 4. Nf3 f5 5. Qc2 Nf6 6. Bg5 Bd6 7. cxd5 exd5 8.
Bxf6 Qxf6 9. Nxd5 Qg6 10. Nc3 O-O 11. g3 Nd7 12. e3 Kh8 13. Bg2 Nf6 14. O-O Qh5
15. Qd1 Be6 16. h4 h6 17. Re1 g5 18. hxg5 hxg5 19. d5 Nxd5 20. Nxd5 Bxd5 21.
Qd4+ Kh7 22. Nd2 Qf7 23. e4 fxe4 24. Nxe4 Be7 25. Qe3 b6 26. Re2 Rae8 27. Rae1
Qf5 28. Qd3 Rd8 29. g4 Qg6 30. Re3 Kg8 {äàëåå çàïèñü íåðàçáîð~~èâà} 1/2-1/2

[Event "Ì17Ï"]
[Site "Loo"]
[Date "2017.04.28"]
[Round "9.12"]
[White "Ëåâäàíñêèé, Àëåêñåé."]
[Black "Êûðíàåâ, Àëåêñåé."]
[Result "1/2-1/2"]
[WhiteElo "1859"]
[BlackElo "2048"]
[PlyCount "103"]
[EventDate "2017.04.20"]

1. Nf3 Nf6 2. g3 g6 3. Bg2 Bg7 4. O-O O-O 5. c4 d6 6. d4 Nbd7 7. Nc3 c6 8. e4
Qc7 9. h3 e5 10. Be3 exd4 11. Bxd4 Re8 12. Re1 Ne5 13. Nd2 Nfd7 14. Qc2 Nf8 15.
Rad1 f5 16. f4 Ng4 17. e5 Ne6 18. Bxa7 Rxa7 19. hxg4 fxg4 20. exd6 Qxd6 21.
Nde4 Bd4+ 22. Kh1 Qf8 23. Rxd4 Nxd4 24. Qf2 Rd8 25. Rd1 c5 26. Nd5 Ra6 27. Nxc5
Qxc5 28. Qxd4 Qxd4 29. Rxd4 Kf7 30. Re4 Re6 31. Kg1 Rde8 32. Nc3 Rxe4 33. Bxe4
Ke7 34. Bd5 Rf8 35. Ne4 b6 36. Kf2 h6 37. Ke3 Be6 38. Nc3 Kd6 39. Nb5+ Kd7 40.
Bxe6+ Kxe6 41. Nc7+ Kd6 42. Nd5 Kc5 43. Kd3 b5 44. b4+ Kd6 45. Ne3 g5 46. fxg5
hxg5 47. cxb5 Ra8 48. Nc4+ Kc7 49. a3 Rf8 50. Ne5 Ra8 51. Nc4 Rf8 52. Ne5
1/2-1/2

[Event "Ì17Ï"]
[Site "Loo"]
[Date "2017.04.28"]
[Round "9.13"]
[White "Ìàð÷åíêî, Íèêîëàé."]
[Black "Çèñèí, Îëåã."]
[Result "0-1"]
[WhiteElo "1862"]
[BlackElo "1988"]
[PlyCount "82"]
[EventDate "2017.04.20"]

1. d4 Nf6 2. c4 e6 3. Nc3 Bb4 4. e3 b6 5. Nge2 Bb7 6. a3 Be7 7. Ng3 O-O 8. f3
d5 9. cxd5 exd5 10. Bd3 Re8 11. O-O c5 12. Bc2 a6 13. Nf5 Bf8 14. dxc5 bxc5 15.
Kh1 g6 16. Ng3 Bg7 17. Rb1 Qc7 18. Nce2 Nbd7 19. b4 cxb4 20. axb4 Nb6 21. Bb3
Bc6 22. Nd4 Bb5 23. Nxb5 axb5 24. Ne2 Nc4 25. Nd4 Qb6 26. Bxc4 dxc4 27. Ne2
Rad8 28. Qc2 Nd5 29. e4 Ne3 30. Bxe3 Qxe3 31. Rfd1 Rd3 32. Ng3 Red8 33. Rxd3
Rxd3 34. Nf1 Qd4 35. h3 Bf8 36. Kh2 Bxb4 37. Kh1 Bc5 38. Ng3 Rd2 39. Qc1 Qf2
40. Qf1 Qxg3 41. Rxb5 Bd6 0-1

[Event "Ì17Ï"]
[Site "Loo"]
[Date "2017.04.28"]
[Round "9.14"]
[White "Íîâèêîâ, Êèðèëë."]
[Black "Ñèâÿêîâ, Ãåîðãèé."]
[Result "0-1"]
[WhiteElo "1763"]
[BlackElo "1959"]
[PlyCount "58"]
[EventDate "2017.04.20"]

1. e4 c5 2. Nf3 e6 3. d4 cxd4 4. Nxd4 a6 5. Nc3 b5 6. Bd3 Bb7 7. O-O d6 8. Re1
Nd7 9. a4 b4 10. Na2 d5 11. e5 Qc7 12. Bd2 Qb6 13. Nb3 Nh6 14. a5 Qc7 15. Bxh6
gxh6 16. Qg4 Nxe5 17. Qf4 Bd6 18. Qf6 Rg8 19. Nd4 Qe7 20. Qxh6 Ng4 21. Qd2 Nxh2
22. Re2 Qf6 23. Bxh7 Rg7 24. Re3 Bf4 25. Qxb4 Bxe3 26. fxe3 Nf3+ 27. Nxf3 Qxf3
28. Qd2 d4 29. e4 Qe3+ 0-1

[Event "Ì17Ï"]
[Site "Loo"]
[Date "2017.04.28"]
[Round "9.15"]
[White "Ìîñêâèí, Àíàòîëèé."]
[Black "Âåòîõèí, Èëüÿ."]
[Result "1-0"]
[WhiteElo "1952"]
[BlackElo "1913"]
[PlyCount "87"]
[EventDate "2017.04.20"]

1. e4 c5 2. Nf3 Nc6 3. d3 d6 4. g3 g6 5. Bg2 Bg7 6. O-O e6 7. Re1 Nge7 8. Nbd2
O-O 9. Nf1 e5 10. c3 h6 11. Nh4 g5 12. Nf3 f5 13. h4 g4 14. N3h2 h5 15. exf5
Nxf5 16. Ne3 Nxe3 17. Bxe3 Be6 18. f3 Qd7 19. fxg4 hxg4 20. Qd2 Qf7 21. Bh6 Qg6
22. Bxg7 Kxg7 23. Be4 Bf5 24. Qe2 Ne7 25. Kg2 Rf7 26. Bxf5 Nxf5 27. Qxg4 Raf8
28. Qxg6+ Kxg6 29. Re4 Nh6 30. Rf1 Rxf1 31. Nxf1 Kh5 32. Ne3 Kg6 33. g4 b6 34.
Kg3 Nf7 35. g5 b5 36. Kg4 Rh8 37. Nd5 Re8 38. h5+ Kg7 39. Re2 Rg8 40. Rf2 a5
41. Rf6 Nh8 42. Rxd6 b4 43. g6 Kh6 44. Ne7 1-0

[Event "Ì17Ï"]
[Site "Loo"]
[Date "2017.04.28"]
[Round "9.16"]
[White "Ìîðîçîâ, Âàëåðèé."]
[Black "Çàáîëîòíîâ, Åâãåíèé."]
[Result "0-1"]
[WhiteElo "1836"]
[BlackElo "2087"]
[PlyCount "54"]
[EventDate "2017.04.20"]

1. f4 d5 2. Nf3 Bg4 3. Ne5 Bf5 4. d3 f6 5. Nf3 Nc6 6. g3 Qd7 7. Bg2 O-O-O 8.
O-O Bh3 9. Nbd2 h5 10. e4 h4 11. Nxh4 Bxg2 12. Kxg2 g5 13. fxg5 fxg5 14. Nhf3
Qh3+ 15. Kg1 e6 16. exd5 Bc5+ 17. Kh1 Nd4 18. c3 Nf5 19. d4 Nxg3+ 20. Kg1 Nxf1
21. Nxf1 Rf8 22. Qe2 Rxf3 23. Bxg5 Bd6 24. Qxe6+ Qxe6 25. dxe6 Bxh2+ 26. Nxh2
Rg3+ 27. Kf2 Rxg5 0-1

[Event "Ì17Ï"]
[Site "Loo"]
[Date "2017.04.28"]
[Round "9.17"]
[White "Öóðöóìèÿ, Ðóñëàí."]
[Black "Òÿòþøêèí, Äàíèë."]
[Result "1-0"]
[WhiteElo "1548"]
[BlackElo "1985"]
[PlyCount "60"]
[EventDate "2017.04.20"]

1. e4 e5 2. Nf3 Nc6 3. d4 exd4 4. Bc4 Bc5 5. c3 d6 6. cxd4 Bb4+ 7. Bd2 Nf6 8.
Bxb4 Nxb4 9. Qa4+ Nc6 10. d5 Bd7 11. dxc6 Bxc6 12. Bb5 Qd7 13. Bxc6 bxc6 14.
Nc3 O-O 15. O-O Rfe8 16. Rfe1 Nh5 17. e5 Rab8 18. g4 a5 19. e6 Rxe6 20. Rxe6
Qxe6 21. gxh5 Rb4 22. Qxc6 h6 23. Ne1 Qh3 24. Ng2 Rxb2 25. Re1 Qxh5 26. Qd5 Qg6
27. Qa8+ Kh7 28. Re8 Qg5 29. Rh8+ Kg6 30. Qe4+ f5 1-0

[Event "Ì17Ï"]
[Site "Loo"]
[Date "2017.04.28"]
[Round "9.18"]
[White "Ðîãîöêèé, Þðèé."]
[Black "Ëàïòåâ, Òèìîôåé."]
[Result "1-0"]
[WhiteElo "1960"]
[BlackElo "1870"]
[PlyCount "38"]
[EventDate "2017.04.20"]

1. d4 Nf6 2. c4 e5 3. dxe5 Ng4 4. Bf4 Nc6 5. Nf3 Bb4+ 6. Nbd2 Qe7 7. a3 Ngxe5
8. Nxe5 Nxe5 9. e3 Bxd2+ 10. Qxd2 d6 11. c5 dxc5 12. Qd5 Nc6 13. Bb5 Bd7 14.
Bxc7 Rc8 15. Bd6 Qf6 16. Bxc5 Be6 17. Qd6 a6 18. Bd4 Qg5 19. Bxc6+ Rxc6 {
äàëåå çàïèñü íåðàçáîð~~èâà} 1-0

[Event "Ì17Ï"]
[Site "Loo"]
[Date "2017.04.28"]
[Round "9.19"]
[White "Øèðøîâ, Íèêîëàé."]
[Black "Íèêèòèí, Ãåîðãèé."]
[Result "1-0"]
[WhiteElo "1931"]
[BlackElo "1847"]
[PlyCount "97"]
[EventDate "2017.04.20"]

1. d4 Nf6 2. c4 e6 3. Nf3 d5 4. Nc3 Nbd7 5. Bg5 c6 6. cxd5 exd5 7. e3 Be7 8.
Qc2 O-O 9. Bd3 Re8 10. h3 Nf8 11. O-O Ne4 12. Bf4 Bd6 13. Nxe4 dxe4 14. Bxe4
Bxf4 15. exf4 Ne6 16. g3 Nxd4 17. Nxd4 Qxd4 18. Bxh7+ Kh8 19. Bf5 Be6 20. Bxe6
Rxe6 21. Rad1 Qb6 22. Rd7 Kg8 23. f5 Rh6 24. h4 Rf8 25. Re1 Qa5 26. Ree7 Qxa2
27. Rxb7 a6 28. Qe2 Qb1+ 29. Kg2 Qxf5 30. Re5 Re6 31. Rxe6 fxe6 32. Rb4 a5 33.
Re4 Qd5 34. Kg1 Rf6 35. Re5 Qa2 36. Qd2 Qb1+ 37. Kg2 a4 38. Qd8+ Kh7 39. Qd4
Qc2 40. Rh5+ Rh6 41. Rc5 Qb1 42. Rxc6 Rf6 43. Rc5 Qe1 44. Rc2 e5 45. Qxa4 e4
46. Qe8 Rf5 47. Qe6 Rf6 48. Qg4 Qb4 49. Re2 1-0

[Event "Ì17Ï"]
[Site "Loo"]
[Date "2017.04.28"]
[Round "9.20"]
[White "Íàòàðîâ, Èëüÿ."]
[Black "Ñåòþêîâ, Ðàäåëü."]
[Result "0-1"]
[WhiteElo "1829"]
[BlackElo "1916"]
[PlyCount "70"]
[EventDate "2017.04.20"]

1. d4 Nf6 2. Nf3 g6 3. Nbd2 Bg7 4. e4 d6 5. Bd3 O-O 6. O-O Nbd7 7. c3 c5 8. Re1
e5 9. dxe5 dxe5 10. Nc4 Qc7 11. a4 b6 12. Qb3 Bb7 13. Bg5 h6 14. Bd2 Rfd8 15.
Rad1 a6 16. Bc1 b5 17. axb5 axb5 18. Na3 Rxa3 19. Qxa3 Ra8 20. Qb3 c4 21. Qxb5
Ba6 22. Qb4 Bf8 23. Qa4 cxd3 24. Be3 Bb7 25. Qb5 Bxe4 26. Nd2 Bf5 27. Nc4 Be6
28. b3 Rb8 29. Qa4 Ne4 30. Qa7 Rb7 31. Qa5 Qb8 32. Rxd3 Rxb3 33. Ba7 Qb7 34.
Qa4 Ndc5 35. Na5 Qxa7 0-1

[Event "Ì17Ï"]
[Site "Loo"]
[Date "2017.04.28"]
[Round "9.21"]
[White "Óñàíèí, Ìèõàèë."]
[Black "Èäèãîâ, Àáóáàêàð."]
[Result "1/2-1/2"]
[WhiteElo "1907"]
[BlackElo "1833"]
[PlyCount "52"]
[EventDate "2017.04.20"]

1. Nf3 d5 2. d4 Nf6 3. c4 e6 4. Nc3 c6 5. Bf4 Bb4 6. Qb3 Bxc3+ 7. Qxc3 O-O 8.
c5 Nbd7 9. e3 Ne4 10. Qa3 b6 11. b4 Bb7 12. Bd3 f5 13. O-O a5 14. Rfb1 Ba6 15.
Bxa6 axb4 16. Rxb4 b5 17. Ne5 Nxe5 18. Bxe5 Rf7 19. f3 Nf6 20. Bxf6 Qxf6 21.
Qa5 Rfa7 22. Rb2 Rxa6 23. Qc7 h6 24. f4 R8a7 25. Qd6 Qe7 26. Qxe7 Rxe7 {
äàëåå çàïèñü íåðàçáîð~~èâà} 1/2-1/2

[Event "Ì17Ï"]
[Site "Loo"]
[Date "2017.04.28"]
[Round "9.22"]
[White "Ñîêîëîâ, Íèêèòà."]
[Black "Ïîëòîðàöêèé, Àëåêñàíäð."]
[Result "1-0"]
[WhiteElo "2049"]
[BlackElo "1857"]
[PlyCount "53"]
[EventDate "2017.04.20"]

1. d4 d5 2. c4 c6 3. Nc3 Nf6 4. e3 e6 5. Bd3 Nbd7 6. Nf3 Bd6 7. e4 dxe4 8. Nxe4
Nxe4 9. Bxe4 O-O 10. O-O h6 11. Re1 Nf6 12. Bc2 b6 13. Ne5 Bb7 14. Qf3 Qe7 15.
Qh3 Ne8 16. Re3 Bxe5 17. dxe5 f5 18. exf6 Rxf6 19. b3 Nc7 20. Bb2 Rf7 21. Rg3
Kf8 22. Bg6 Rf4 23. Be5 Rh4 24. Rf3+ Kg8 25. Qg3 Rf8 26. Rxf8+ Kxf8 27. Bd6 1-0

[Event "Ì17Ï"]
[Site "Loo"]
[Date "2017.04.28"]
[Round "9.23"]
[White "ßðîñëàâöåâ, Àðòåì."]
[Black "Ãàâðèê, Àëåêñàíäð."]
[Result "1-0"]
[WhiteElo "2022"]
[BlackElo "1688"]
[PlyCount "55"]
[EventDate "2017.04.20"]

1. e4 c5 2. Nf3 Nc6 3. d4 cxd4 4. Nxd4 Nf6 5. Nc3 e5 6. Ndb5 d6 7. Bg5 a6 8.
Na3 b5 9. Nd5 Be7 10. Bxf6 Bxf6 11. c4 b4 12. Nc2 a5 13. Qf3 O-O 14. Rd1 Bg5
15. h4 Be7 16. c5 f5 17. Nxe7+ Qxe7 18. cxd6 Qd7 19. Bc4+ Kh8 20. exf5 Rxf5 21.
Qg3 Bb7 22. O-O Rf6 23. Bd5 Rd8 24. Ne3 Rxd6 25. Bxc6 Qxc6 26. Nf5 R6d7 27.
Qxg7+ Rxg7 28. Rxd8+ 1-0

[Event "Ì17Ï"]
[Site "Loo"]
[Date "2017.04.28"]
[Round "9.24"]
[White "Àéðàïåòÿí, Îãàíåñ."]
[Black "Íàêîíå÷íûé, Èãíàò."]
[Result "0-1"]
[WhiteElo "1825"]
[BlackElo "1977"]
[PlyCount "64"]
[EventDate "2017.04.20"]

1. e4 c5 2. d3 Nc6 3. c3 Nf6 4. Be2 d5 5. Nd2 e5 6. Ngf3 Be7 7. O-O O-O 8. Re1
Re8 9. Bf1 Bg4 10. h3 Bh5 11. exd5 Nxd5 12. Qb3 Na5 13. Qa4 f6 14. Qh4 Bg6 15.
Nb3 Nxb3 16. axb3 Kh8 17. Qg4 Qb6 18. Nh4 Bf7 19. Nf5 Bf8 20. Qa4 a6 21. Be2
Nc7 22. c4 Rad8 23. Bd2 Qa7 24. Ba5 b6 25. Bd2 a5 26. Rad1 Ne6 27. Bf3 Nf4 28.
Bc6 Re6 29. Ne3 Red6 30. Be4 Nxd3 31. Nf5 Nxe1 32. Nxd6 Rxd6 {
äàëåå çàïèñü íåðàçáîð~~èâà} 0-1

[Event "Ì17Ï"]
[Site "Loo"]
[Date "2017.04.28"]
[Round "9.25"]
[White "Ôîìè÷åâ, Èëüÿ."]
[Black "Êàðåëîâ, Ïàâåë."]
[Result "1-0"]
[WhiteElo "1648"]
[BlackElo "1969"]
[PlyCount "57"]
[EventDate "2017.04.20"]

1. e4 c5 2. Nf3 g6 3. d4 cxd4 4. Nxd4 Bg7 5. Nc3 Nc6 6. Be3 Nf6 7. Be2 O-O 8.
O-O b6 9. Bf3 Ne5 10. Be2 Bb7 11. f4 Nc6 12. Bf3 e5 13. Ndb5 Ba6 14. Rf2 Ne8
15. Rd2 Bc8 16. Bg4 f5 17. exf5 gxf5 18. Be2 e4 19. Bc4+ Kh8 20. Be6 a6 21. Nd6
Nxd6 22. Rxd6 Qe8 23. Bxd7 Bxd7 24. Rxd7 Na5 25. Qd5 Rd8 26. Rxd8 Qxd8 27. Qxd8
Rxd8 28. Bxb6 Rd2 29. Bxa5 1-0

[Event "Ì17Ï"]
[Site "Loo"]
[Date "2017.04.28"]
[Round "9.26"]
[White "Ìàòóùàê, Äàíèèë."]
[Black "Ëèïèëèí, Èëüÿ."]
[Result "0-1"]
[WhiteElo "1291"]
[BlackElo "1951"]
[PlyCount "66"]
[EventDate "2017.04.20"]

1. e4 c5 2. d4 cxd4 3. c3 dxc3 4. Nxc3 Nc6 5. Nf3 e6 6. Bc4 Bc5 7. O-O Nge7 8.
Bf4 O-O 9. Nb5 Ng6 10. Bd6 Bxd6 11. Nxd6 a6 12. Qe2 b5 13. Bb3 Qb6 14. Rfd1 Bb7
15. Rd2 Na5 16. Bc2 Bc6 17. a4 Nb7 18. Nxb7 Qxb7 19. Rd6 bxa4 20. Bxa4 Bxe4 21.
Rxd7 Bxf3 22. gxf3 Qb6 23. Rad1 Rab8 24. b3 Nf4 25. Qe3 Nd5 26. Qg5 h6 27. Qe5
Rbc8 28. Rd4 Rc1+ 29. Kg2 Re1 30. Re4 Rxe4 31. fxe4 Nf6 32. Rd3 Qxf2+ 33. Kxf2
Ng4+ 0-1

[Event "Ì17Ï"]
[Site "Loo"]
[Date "2017.04.28"]
[Round "9.29"]
[White "Ãåòüìàí, Äìèòðèé."]
[Black "Íàóðáèåâ, Àõìåä."]
[Result "1/2-1/2"]
[WhiteElo "1863"]
[BlackElo "1707"]
[PlyCount "80"]
[EventDate "2017.04.20"]

1. d4 d5 2. c4 c6 3. Nc3 Nf6 4. cxd5 cxd5 5. Bf4 e6 6. e3 Nc6 7. Bd3 a6 8. Nf3
Bd6 9. Bg3 (9. g3) 9... O-O 10. O-O Bxg3 11. hxg3 Qe7 12. Na4 e5 13. dxe5 Nxe5
14. Nb6 Rb8 15. Nxc8 Rbxc8 16. Bf5 Rcd8 17. Qd4 Nc4 18. b3 Nd6 19. Bd3 Nde4 20.
Qb2 Nxg3 21. Rfe1 Nge4 22. Rac1 h5 23. Rc2 Rc8 24. Rec1 Rxc2 25. Qxc2 Ng4 26.
Bxe4 dxe4 27. Nd2 Qh4 28. Nf1 Re8 29. g3 Qh3 30. Qd1 h4 31. Qd7 Rf8 32. Rc8 g6
33. Rxf8+ Kxf8 34. Qc8+ Kg7 35. Qxb7 hxg3 36. fxg3 Nh2 37. Nxh2 Qxg3+ 38. Kh1
Qe1+ 39. Kg2 Qe2+ 40. Kh1 Qe1+ 1/2-1/2

[Event "Ì17Ï"]
[Site "Loo"]
[Date "2017.04.28"]
[Round "9.30"]
[White "Âàùåíêî, Ëåâ."]
[Black "Ôîøåíêî, Êèðèëë."]
[Result "1/2-1/2"]
[WhiteElo "1478"]
[BlackElo "1849"]
[PlyCount "79"]
[EventDate "2017.04.20"]

1. d4 Nf6 2. c4 g6 3. Nc3 Bg7 4. e4 d6 5. Nge2 O-O 6. Ng3 a6 7. h4 c5 8. d5 b5
9. h5 Nbd7 10. hxg6 hxg6 11. cxb5 axb5 12. Bxb5 Ba6 13. O-O Qa5 14. a4 Rfb8 15.
Bd2 Bxb5 16. Nxb5 Qd8 17. Bc3 Nb6 18. b3 Qc8 19. f3 c4 20. b4 Ra6 21. Ne2 Nh5
22. Bxg7 Kxg7 23. Nec3 Ng3 24. Qd4+ f6 25. Rfb1 Nxa4 26. Kh2 Nxc3 27. Nxc3 Rxa1
28. Rxa1 Nh5 29. b5 Nf4 30. b6 g5 31. Ra7 Kf7 32. Kg1 Qd8 33. b7 Qc7 34. g3 Ng6
35. Nb5 Qd7 36. Qxc4 Rxb7 37. Rxb7 Qxb7 38. Nd4 Qb1+ 39. Kf2 Qb2+ 40. Ne2
1/2-1/2

[Event "Ì17Ï"]
[Site "Loo"]
[Date "2017.04.28"]
[Round "9.31"]
[White "Øóøàêîâ, Àíäðåé."]
[Black "Åãîðîâ, Àëåêñåé."]
[Result "0-1"]
[WhiteElo "1558"]
[BlackElo "1776"]
[PlyCount "70"]
[EventDate "2017.04.20"]

1. e4 c6 2. Nc3 d5 3. d4 dxe4 4. Nxe4 Nd7 5. Nf3 Ngf6 6. Nxf6+ Nxf6 7. Bc4 Bf5
8. Ne5 e6 9. f3 Nd5 10. Qe2 Qh4+ 11. Qf2 Qxf2+ 12. Kxf2 Bxc2 13. Bxd5 cxd5 14.
Bf4 f6 15. Ng4 Kd7 16. Rac1 Rc8 17. Ne3 Ba4 18. Rxc8 Kxc8 19. Rc1+ Bc6 20. Re1
Kd7 21. Bg3 Bd6 22. f4 Re8 23. h4 h5 24. Nf1 Bb5 25. Nd2 Rc8 26. Ke3 Rc2 27.
Rb1 Bc4 28. b3 Rc3+ 29. Kf2 Bd3 30. Rd1 Bf5 31. Nf1 Bg4 32. Rd2 Bb4 33. Bh2 Rc1
34. Rd3 Be1+ 35. Kg1 Be2 0-1

[Event "Ì17Ï"]
[Site "Loo"]
[Date "2017.04.28"]
[Round "9.32"]
[White "Ñàòäàðîâ, Ìèõàèë."]
[Black "Ìàìîøèí, Îëåã."]
[Result "1-0"]
[WhiteElo "1496"]
[BlackElo "1668"]
[PlyCount "47"]
[EventDate "2017.04.20"]

1. e4 c5 2. Nf3 Nc6 3. d4 cxd4 4. Nxd4 Qc7 5. Nc3 e6 6. Be3 a6 7. Be2 Nf6 8.
O-O Bb4 9. f3 O-O 10. a3 Bxc3 11. bxc3 d5 12. Bd3 dxe4 13. fxe4 Ne5 14. Bf4 Qc5
15. Bxe5 Qxe5 16. Qe1 b5 17. Nf3 Qc5+ 18. Kh1 Bb7 19. e5 Nd7 20. Bxh7+ Kxh7 21.
Qh4+ Kg8 22. Ng5 Bxg2+ 23. Kxg2 Qd5+ 24. Kh3 1-0

[Event "Ì17Ï"]
[Site "Loo"]
[Date "2017.04.28"]
[Round "9.33"]
[White "Äîáðûíèí, ßðîñëàâ."]
[Black "Ìóðòàçèí, Ðèôàò."]
[Result "1-0"]
[WhiteElo "1662"]
[BlackElo "1592"]
[PlyCount "57"]
[EventDate "2017.04.20"]

1. e4 c5 2. Nf3 d6 3. d4 cxd4 4. Nxd4 Nf6 5. Nc3 a6 6. Be3 e6 7. f3 Be7 8. Qd2
Qc7 9. O-O-O Nc6 10. g4 h6 11. h4 b5 12. Be2 Nd7 13. g5 hxg5 14. hxg5 Rxh1 15.
Rxh1 g6 16. Rh8+ Nf8 17. f4 Bb7 18. f5 Nxd4 19. Qxd4 gxf5 20. exf5 exf5 21. Bh5
Rc8 22. g6 fxg6 23. Bxg6+ Kd8 24. Bxf5 Rb8 25. Qg7 Bc6 26. Rxf8+ Bxf8 27. Qxf8+
Be8 28. Bg5+ Qe7 29. Qxe7# 1-0